000 00437nam a2200157Ia 4500
008 240729s9999 xx 000 0 und d
022 _a2476-0943
245 0 _aPrompt
260 _aUnited States
260 _bThe Prompt Journal
650 _a Theory and practice of education | Language and Literature
650 _aEducation
856 _uhttps://doaj.org/toc/3e21b992085d4e23b8682fc6ffa529a1
942 _2ddc
942 _cDOAJEJ
999 _c68673
_d68673
945 _a1
_bMadushi Gamage
_c1
_dMadushi Gamage